000 00388nam a2200157Ia 4500
001 R-742
003 CODICE-MESSINA
005 20260212102456.0
008 260211s9999 xx 000 0 und d
040 _cimportazione_messina
100 _aNarratori Moderni
245 0 _aAll'ombra Della Cattedrale
245 0 _bUn patto antico e segreto
260 _bGarzanti
942 _2ddc
_cBK
999 _c27234
_d27234